[Event "Krasnodar"]
[Site "Krasnodar"]
[Date "1997.??.??"]
[Round "2"]
[White "Neverov, Valeriy"]
[Black "Lobzhanidze, Davit"]
[Result "0-1"]
[WhiteElo "2530"]
[BlackElo "2375"]

1.d4 Nf6 2.c4 g6 3.Nf3 Bg7 4.g3 O-O 5.Bg2 d6 6.O-O a6 7.Nc3 Nc6 8.Bd2 e5
9.d5 Ne7 10.e4 Ne8 11.Rc1 f5 12.Ng5 h6 13.Ne6 Bxe6 14.dxe6 Qc8 15.Nd5 Qxe6
16.exf5 gxf5 17.Qb3 Rb8 18.c5 Kh8 19.Nxc7 Qxb3 20.axb3 d5 21.Ne6 Rf6 22.Nxg7 Nxg7
23.Rfe1 Re6 24.Rcd1 Rd8 25.Bc3 e4 26.Bh3 Kh7 27.f3 e3 28.Bd4 Nc6 29.Bxe3 Kg6
30.Bf2 Rxe1+ 31.Bxe1 Ne6 32.b4 Ned4 33.f4 Nc2 34.Bd2 h5 35.Bf1 N2xb4 36.Re1 Kf6
37.Be2 Re8 38.Bxh5 Rxe1+ 39.Bxe1 Nd3 40.Bd2 d4 41.Bf3 Nxb2 42.Bxc6 bxc6 43.Kf1 Nd3
44.Ke2 Nxc5 45.Bb4 Nb7 46.Kd3 c5 47.Ba3 Ke6 48.Kc4 Na5+ 49.Kd3 Kd5 50.h4 c4+
51.Kc2 Nc6 52.Bf8 Ke6 53.Bc5 a5 54.Kb2 Kd5 55.Bf8 c3+ 56.Kc1 d3 57.h5 Nd4
58.Ba3 Ke6  0-1

[Event "SLO-ch"]
[Site "Krsko"]
[Date "1997.??.??"]
[Round "?"]
[White "Brglez, Rado"]
[Black "Srebrnic, Vojko"]
[Result "0-1"]
[WhiteElo "2275"]
[BlackElo "2225"]

1.d4 g6 2.Nf3 Bg7 3.g3 d6 4.Bg2 Nf6 5.c4 O-O 6.Nc3 Nc6 7.O-O e5 8.d5 Ne7
9.b3 h6 10.Bb2 Nd7 11.Rc1 f5 12.b4 g5 13.c5 Nf6 14.cxd6 cxd6 15.Qb3 Bd7 16.Nxe5 dxe5
17.d6+ Kh7 18.dxe7 Qxe7 19.Bxb7 Be6 20.Bd5 Nxd5 21.Nxd5 Qf7 22.Rc5 Rad8 23.Rd1 Rd7
24.f3 Kh8 25.Qe3 Rxd5 26.Rdxd5 Bxd5 27.Bxe5 f4 28.Qd4 Bxa2 29.Ra5 Bb1 30.Rxa7 Bxe5
31.Qxe5+ Qf6 32.Qxf6+ Rxf6 33.h4 gxh4 34.gxf4 Rxf4 35.b5 Rb4 36.Rb7 Rb2 37.b6 Bh7
38.Kf2 h3 39.Kg3 h2 40.Kxh2 Rxe2+ 41.Kg3 Rb2 42.Kg4 Bg6 43.Kf4 Rb5 44.Ke3 Rb4
45.f4 Kg8 46.Rb8+ Kg7 47.Kf3 Bf5 48.Ke3 h5 49.Rb7+ Kf6 50.Rb8 h4 51.Rf8+ Kg6
52.Rg8+ Kf7 53.Rg5 Kf6 54.Rh5 h3 55.Kf3 Rb3+ 56.Kf2 Bg4 57.Rh8 Kf5  0-1

[Event "RUS-Cup7"]
[Site "Kstovo"]
[Date "1997.??.??"]
[Round "2"]
[White "Konopelchenkova, Tatjana"]
[Black "Sokolov, Alexander"]
[Result "0-1"]
[WhiteElo "2185"]
[BlackElo "2350"]

1.d4 Nf6 2.Nf3 g6 3.g3 Bg7 4.Bg2 O-O 5.c4 d6 6.O-O Nbd7 7.Qc2 e5 8.Rd1 Qe7
9.Nc3 c6 10.b3 Re8 11.e4 exd4 12.Nxd4 Nc5 13.f3 a5 14.Be3 d5 15.cxd5 cxd5
16.Bg5 Qd6 17.Bxf6 Qxf6 18.Kh1 dxe4 19.Nd5 Qd6 20.fxe4 Bg4 21.Rd2 Rac8 22.Nb5 Qb8
23.Nbc3 b5 24.h3 b4 25.hxg4 bxc3 26.Rf2 Qxg3 27.Rd1 Ne6 28.Rd3 Qxf2 29.Qxf2 c2  0-1

[Event "RUS-Cup7"]
[Site "Kstovo"]
[Date "1997.??.??"]
[Round "4"]
[White "Shurygin, Sergey"]
[Black "Bitman, Alexander R"]
[Result "1-0"]
[WhiteElo "2365"]
[BlackElo "2250"]

1.c4 g6 2.g3 Bg7 3.Bg2 Nf6 4.d4 O-O 5.Nf3 d6 6.O-O Nbd7 7.Qc2 e5 8.Rd1 Qe7
9.Nc3 c6 10.e4 exd4 11.Nxd4 Re8 12.b3 Nc5 13.Bb2 Bd7 14.Re1 h5 15.h3 h4 16.g4 Nxg4
17.hxg4 Bxd4 18.Nd5 cxd5 19.Bxd4 dxe4 20.Qd2 Kh7 21.g5 Qe6 22.Qf4 f6 23.Qxh4+ Kg8
24.Bxf6 Qg4 25.Qh8+ Kf7 26.Qh7+ Ke6 27.Kf1  1-0

[Event "RUS-Cup7"]
[Site "Kstovo"]
[Date "1997.??.??"]
[Round "6"]
[White "Skomorokhin, Roman"]
[Black "Kiseleva, Natalia"]
[Result "1/2-1/2"]
[WhiteElo "2475"]
[BlackElo "2350"]

1.d4 Nf6 2.c4 g6 3.g3 Bg7 4.Bg2 O-O 5.Nf3 d6 6.O-O Nc6 7.Nc3 a6 8.Re1 Re8
9.Rb1 Rb8 10.h3 Na5 11.b3 b5 12.cxb5 axb5 13.e4 b4 14.Na4 c6 15.Bg5 h6 16.Bf4 Bd7
17.Qc1 Qc8 18.e5 Nd5 19.exd6 Nxf4 20.Qxf4 g5 21.Qd2 exd6 22.Rxe8+ Qxe8 23.Nb2 Bf5
24.Rc1 Qd7 25.Kh2 Qb7 26.h4 g4 27.Ng1 Re8 28.Ne2 Be4 29.Bf1 Bf3 30.Nd3 Re4
31.Ndf4 Qb6 32.Re1 Nb7 33.Ng1 d5 34.Nxf3 gxf3 35.Rxe4 dxe4 36.d5 cxd5 37.Nxd5 Qd4
38.Qxd4 Bxd4 39.Kg1 Bc5 40.Bc4 Nd6 41.Kf1 Nxc4 42.bxc4 Kg7 43.Nc7 f5 44.Na6 Bf8
45.c5 Kf6 46.h5  1/2-1/2

[Event "La Pobla de Lillet op"]
[Site "La Pobla de Lillet"]
[Date "1997.??.??"]
[Round "6"]
[White "Garcia Paolicchi, Raul"]
[Black "Oms Pallise, Josep"]
[Result "1-0"]
[WhiteElo "2280"]
[BlackElo "2450"]

1.d4 Nf6 2.Nf3 g6 3.g3 Bg7 4.Bg2 d6 5.c4 O-O 6.O-O a6 7.Nc3 Nc6 8.h3 Rb8
9.Be3 b5 10.cxb5 axb5 11.d5 Na5 12.Nd4 Bd7 13.b3 e6 14.dxe6 fxe6 15.Rc1 b4
16.Nb1 c5 17.Nf3 Bc6 18.Bf4 Ne4 19.Nfd2 Nc3 20.Nxc3 bxc3 21.Nb1 Bxg2 22.Kxg2 Nb7
23.Nxc3 g5 24.Bd2 d5 25.e4 Ra8 26.Qg4 Qc8 27.exd5 exd5 28.Qxc8 Rfxc8 29.Nxd5 Rd8
30.Ne7+ Kf7 31.Bxg5 Bf6 32.Bxf6 Kxf6 33.Rfe1 Rxa2 34.Rc3 Ra6  1-0

[Event "La Pobla de Lillet op"]
[Site "La Pobla de Lillet"]
[Date "1997.??.??"]
[Round "7"]
[White "Garcia Paolicchi, Raul"]
[Black "Mowsziszian, Karen"]
[Result "1-0"]
[WhiteElo "2280"]
[BlackElo "2490"]

1.d4 g6 2.Nf3 Nf6 3.g3 Bg7 4.Bg2 O-O 5.c4 d6 6.O-O Nbd7 7.Qc2 e5 8.Rd1 Re8
9.Nc3 c6 10.e4 Qe7 11.h3 exd4 12.Nxd4 Nc5 13.f3 a5 14.Be3 d5 15.cxd5 cxd5
16.Bg5 Qf8 17.Bxf6 Bxf6 18.Nxd5 Bd8 19.Rac1 Ne6 20.Qc3 h5 21.h4 Nxd4 22.Qxd4 Be6
23.Kh2 a4 24.Bf1 Bxd5 25.Qxd5 Bf6 26.Qb5 Re5 27.Qe2 Qe7 28.Bg2 Re6 29.f4 Bxh4
30.gxh4 Qxh4+ 31.Kg1 Qxf4 32.Qf2 Qg5 33.Rc5 Qe7 34.Rcd5 Rf8 35.Qd4 a3 36.Rd7 Qg5
37.bxa3 h4 38.Rd8 Ree8 39.Rd5 Qh6 40.Qd2 Qh8 41.Kh2 Ra8 42.Qe3 Rfe8 43.e5 Rac8
44.R1d2 Rc7 45.Qg5 Rce7 46.Qxe7 Rxe7 47.Rd8+ Kg7 48.Rxh8 Kxh8 49.Rd5 b6 50.Rb5 Kg7
51.Kh3 g5 52.Kg4 Rc7 53.Rxb6 Rc3 54.Rb3 Rc2 55.Bd5 Rd2 56.Bb7 Kh6 57.Rb6+ Kg7
58.Rb3 Kh6 59.Rb6+ Kg7 60.Kxg5 h3 61.Rb3 h2 62.Rh3 Rxa2 63.Be4 Kf8 64.Kf6 Rf2+
65.Bf5 Kg8 66.a4 Rg2  1-0

[Event "Gran Canaria op"]
[Site "Las Palmas"]
[Date "1997.??.??"]
[Round "?"]
[White "Epishin, Vladimir"]
[Black "Renet, Olivier"]
[Result "1/2-1/2"]
[WhiteElo "2570"]
[BlackElo "2520"]

1.d4 Nf6 2.c4 g6 3.Nf3 Bg7 4.g3 O-O 5.Bg2 d6 6.O-O Nbd7 7.Nc3 e5 8.e4 a6
9.Qc2 exd4 10.Nxd4 Rb8 11.Rd1 Re8 12.h3 c5 13.Nf3 b5 14.cxb5 axb5 15.a4 b4
16.Nb5 Nxe4 17.Bf4 Rb6 18.Nd2 Nxd2 19.Rxd2 Ne5 20.Rad1 Bf5 21.Qxc5 Nd3 22.Qc4 Nxb2
23.Rxb2 Bxb2 24.a5 Ra6 25.Nxd6 Rxd6 26.Rxd6 Qxa5 27.Ra6 Qd8  1/2-1/2

[Event "US-op"]
[Site "Las Vegas"]
[Date "1997.??.??"]
[Round "5"]
[White "Baburin, Alexander"]
[Black "Zilberstein, Dmitry"]
[Result "1-0"]
[WhiteElo "2560"]
[BlackElo "2250"]

1.d4 Nf6 2.c4 g6 3.Nf3 Bg7 4.g3 O-O 5.Bg2 d6 6.O-O Nbd7 7.Nc3 e5 8.b3 Re8
9.h3 h6 10.e4 Nh7 11.Be3 Ng5 12.Nxg5 hxg5 13.Qd2 exd4 14.Bxd4 Ne5 15.f4 gxf4
16.gxf4 c5 17.Bf2 Nc6 18.Nb5 Bxa1 19.Rxa1 Qf6 20.Rd1 Qh8 21.f5 gxf5 22.Nc7 Be6
23.exf5 Bxf5 24.Qg5+ Bg6 25.Nxa8 Rxa8 26.Rxd6 Qa1+ 27.Kh2 Ne5 28.Bxc5 Qb2
29.Rd2 Qc3 30.Rd8+ Rxd8 31.Qxd8+ Kh7 32.Qh4+ Kg8 33.Bd4 Qa5 34.Qf6  1-0

[Event "Leeuwarden op"]
[Site "Leeuwarden"]
[Date "1997.??.??"]
[Round "1"]
[White "Kharitonov, Andrei Y"]
[Black "Boersma, Paulus A"]
[Result "1-0"]
[WhiteElo "2540"]
[BlackElo "2350"]

1.d4 Nf6 2.Nf3 d6 3.c4 g6 4.g3 Bg7 5.Bg2 O-O 6.O-O Nc6 7.Nc3 Rb8 8.d5 Na5
9.Nd2 Nd7 10.Qc2 Ne5 11.b3 c6 12.Bb2 b5 13.cxb5 cxb5 14.f4 Ng4 15.Nd1 e5
16.dxe6 Bxe6 17.Bxg7 Kxg7 18.Qc3+ Qf6 19.Qxf6+ Nxf6 20.Nf2 Rfc8 21.Rfc1 Nd5
22.Nde4 b4 23.Nd1 Rb6 24.Rxc8 Bxc8 25.Rc1 Bb7 26.Nef2 Rc6 27.Rxc6 Bxc6 28.Nd3 Nc3
29.Nxb4 Nxe2+ 30.Kf2 Bxg2 31.Kxg2 Nb7 32.Nc6 a6 33.Kf2 Nc1 34.Nc3 Nd3+ 35.Ke3 Ndc5
36.b4 Ne6 37.Nd5  1-0

[Event "Lippstadt"]
[Site "Lippstadt"]
[Date "1997.??.??"]
[Round "6"]
[White "Stangl, Markus"]
[Black "Homann, Stefan"]
[Result "1-0"]
[WhiteElo "2530"]
[BlackElo "2250"]

1.Nf3 Nf6 2.c4 d6 3.d4 g6 4.g3 Bg7 5.Bg2 O-O 6.O-O Nbd7 7.Qc2 c6 8.Rd1 Qc7
9.b3 Re8 10.e4 a5 11.Ba3 Bf8 12.Nc3 b5 13.d5 b4 14.dxc6 bxc3 15.cxd7 Bxd7
16.Nd4 e5 17.Ne2 Bg4 18.Rd3 Bxe2 19.Qxe2 a4 20.Rxc3 axb3 21.axb3 d5 22.c5 d4
23.Rc2 Red8 24.Qd3 Nd7 25.b4 Rdb8 26.Raa2 Ra4 27.Qb3 Qa7 28.c6 Nc5 29.Qf3 d3
30.Rc3 Raxb4 31.Bh3 Rb1+ 32.Kg2 d2 33.Rxd2 Qa6 34.Qe2 Qxc6 35.Bxc5 Bxc5 36.Rd5 R8b2
37.Rdxc5 Qa4 38.Rc2 Rb4 39.R5c4 Qa1 40.Rxb4 Rg1+ 41.Kf3 Qa3+ 42.Qe3 Qxb4
43.Rc1  1-0

[Event "Lilie op"]
[Site "Litomysl"]
[Date "1997.??.??"]
[Round "3"]
[White "Tibensky, Robert"]
[Black "Hitzgerova, Gabriela"]
[Result "1-0"]
[WhiteElo "2420"]
[BlackElo "2195"]

1.d4 Nf6 2.Nf3 g6 3.c4 Bg7 4.g3 d6 5.Bg2 O-O 6.O-O Nc6 7.d5 Na5 8.Qa4 c5
9.Bd2 b6 10.Bc3 Bd7 11.Qc2 Nxc4 12.Bxf6 Bxf6 13.Qxc4 Bxb2 14.Nc3 Bxa1 15.Rxa1 a6
16.e4 b5 17.Qd3 c4 18.Qe3 b4 19.Ne2 a5 20.e5 Ba4 21.Ned4 Qb8 22.Bh3 Ra6 23.Qh6 f6
24.e6 Kh8 25.Bf1 Rc8 26.Rc1 Rb6 27.Nh4 Rg8 28.Bxc4 Be8 29.Bd3 a4 30.Nc6 Qb7
31.Nd8 Qb8 32.Nxg6+  1-0

[Event "SLO-chT"]
[Site "Ljubljana"]
[Date "1997.??.??"]
[Round "?"]
[White "Dizdar, Goran"]
[Black "Mohr, Georg"]
[Result "1-0"]
[WhiteElo "2545"]
[BlackElo "2480"]

1.d4 Nf6 2.Nf3 g6 3.c4 Bg7 4.g3 O-O 5.Bg2 d6 6.O-O Nbd7 7.Nc3 e5 8.e4 a6
9.dxe5 dxe5 10.h3 b5 11.Be3 Rb8 12.cxb5 axb5 13.Nd2 c6 14.Qc2 Qe7 15.a4 bxa4
16.Nxa4 Ba6 17.Rfc1 Bb5 18.Nc3 h5 19.Ra7 Rfd8 20.Nxb5 Rxb5 21.Bf1 Rb4 22.b3 c5
23.Bc4 Nh7 24.Nf3 Rdb8 25.Bxc5 Rxc4 26.Bxe7 Rxc2 27.Rxc2 Rxb3 28.Rxd7  1-0

[Event "SLO-ch (Women)"]
[Site "Ljubljana"]
[Date "1997.??.??"]
[Round "8"]
[White "Marusic, Nada"]
[Black "Stumberger, Tania"]
[Result "0-1"]
[WhiteElo "2115"]
[BlackElo "2045"]

1.d4 Nf6 2.c4 g6 3.g3 Bg7 4.Bg2 O-O 5.Nf3 d6 6.Nc3 c6 7.O-O Bf5 8.Nh4 Bd7
9.e4 e5 10.d5 cxd5 11.cxd5 Na6 12.Kh1 Ne8 13.f4 exf4 14.Bxf4 g5 15.Bxd6 Nxd6
16.Nf3 Bxc3 17.bxc3 Nxe4 18.Qd4 Nd6 19.Ne5 Nf5 20.Qd2 f6 21.Nxd7 Qxd7 22.Rab1 Rae8
23.d6 Nxd6 24.Rxb7 Qd8 25.Rxa7 Nc7 26.Bc6 Re7 27.Rd1 Nf7 28.Qc2 Qc8 29.Rf1 Qe6
30.Bg2 Nd6 31.Qd3 Ndb5 32.Rb7 Qd6 33.Qc2 Qc5 34.Qb3+ Kg7 35.a4 Nxc3 36.Rc1 Re3
37.Qb4 Qxb4 38.Rxb4 Rfe8 39.Bc6 R8e7 40.a5 Na2  0-1

[Event "London2"]
[Site "London"]
[Date "1997.??.??"]
[Round "8"]
[White "Bates, Richard"]
[Black "Gullaksen, Eirik T"]
[Result "1-0"]
[WhiteElo "2310"]
[BlackElo "2325"]

1.d4 Nf6 2.Nf3 g6 3.c4 Bg7 4.g3 O-O 5.Bg2 d6 6.O-O Nc6 7.Nc3 a6 8.d5 Na5
9.Nd2 c5 10.Qc2 Rb8 11.b3 b5 12.Bb2 Bh6 13.f4 bxc4 14.bxc4 e5 15.dxe6 Bxe6
16.Nd5 Bg7 17.Bc3 Bxd5 18.cxd5 Rb5 19.e4 Nd7 20.Rab1 Qb6 21.Bxg7 Kxg7 22.Qc3+ Kg8
23.e5 dxe5 24.fxe5 c4+ 25.Kh1 Nc5 26.e6 Nd3 27.Qf6 Nf2+ 28.Rxf2 Rxb1+ 29.Nxb1 Qxb1+
30.Rf1  1-0

[Event "Rheinhessen-ch H1 op"]
[Site "Mainz"]
[Date "1997.??.??"]
[Round "2"]
[White "Reiss, Peter"]
[Black "Burchardt, Carsten"]
[Result "0-1"]
[WhiteElo "1515"]
[BlackElo "1706"]

1.d4 Nf6 2.c4 g6 3.Nf3 Bg7 4.g3 d6 5.Bg2 O-O 6.Nc3 Nbd7 7.O-O c5 8.Qc2 cxd4
9.Nxd4 Ne5 10.b3 Nfd7 11.e3 Rb8 12.Bb2 Nc5 13.Rfd1 Bg4 14.Rd2 Qd7 15.f4 Nc6
16.Re1 Nb4 17.Qb1 a5 18.a3 Nc6 19.Qa2 Bh3 20.Ba1 Bxg2 21.Kxg2 Ra8 22.Kg1 Rfc8
23.Qc2 Ne6 24.Nxe6 fxe6 25.Qd1 b6 26.Na4 Qb7 27.Bxg7 Kxg7 28.Qf3 b5 29.cxb5 Qxb5
30.Rb1 Rab8 31.Nc3 Qf5 32.Qe4 Qc5 33.Ne2 Qxa3 34.Qxe6 Qc5 35.Nd4 Rc7 36.Rc2 Nxd4
37.Rxc5 Nxe6 38.Rxa5 Rcb7 39.Ra3 Nc5 40.b4 Rxb4 41.Rxb4 Rxb4 42.Ra7 Kf6  0-1

[Event "Rheinhessen-ch M2"]
[Site "Mainz"]
[Date "1997.??.??"]
[Round "6"]
[White "Sulic, Kresimir"]
[Black "Boos, Patrick"]
[Result "1-0"]
[WhiteElo "1957"]
[BlackElo "1973"]

1.d4 Nf6 2.Nf3 g6 3.c4 Bg7 4.g3 O-O 5.Bg2 d6 6.O-O Nc6 7.Nc3 a6 8.h3 Rb8
9.e4 b5 10.Qe2 Na5 11.cxb5 axb5 12.e5 Ne8 13.Re1 c6 14.Bf4 Be6 15.b4 Nb7
16.d5 Bxd5 17.Nxd5 cxd5 18.Nd4 Qb6 19.Rad1 Nc7 20.Nb3 dxe5 21.Bxe5 Bxe5 22.Qxe5 e6
23.h4 Qd6 24.Qg5 Qxb4 25.h5 Qd6 26.Rd4 Qd8 27.Qh6 Qf6 28.Rh4 Qg7 29.Qc1 Rfc8
30.h6 Qf6 31.Qe3 Nd6 32.Nc5 Rd8 33.Rf4 Qg5 34.Bh3 Nc4 35.Qc3 e5 36.Rh4 b4
37.Qd3 Nb5 38.Nd7 e4 39.Qd1 Rb7 40.Nc5 Ra7 41.Qa1 Nc3 42.Nxe4 dxe4 43.Rhxe4 Qxh6
44.Rh4 Qxh4 45.gxh4 Rxa2 46.Qc1 Rdd2 47.Re8+ Kg7 48.Bf1 Rd1 49.Qg5 Raa1 50.Qc5 Rxf1+
51.Kg2 Rg1+ 52.Kf3 Nd2+  1-0

[Event "CRO-chT2"]
[Site "Medulin"]
[Date "1997.??.??"]
[Round "?"]
[White "Muhvic, Damir"]
[Black "Petrovic, Zvonko"]
[Result "1-0"]
[WhiteElo "2205"]
[BlackElo "2285"]

1.d4 Nf6 2.Nf3 g6 3.c4 Bg7 4.g3 O-O 5.Bg2 d6 6.Nc3 Nc6 7.O-O e5 8.d5 Ne7
9.e4 c5 10.Ne1 Ne8 11.Nd3 f5 12.f4 b6 13.fxe5 dxe5 14.Qe2 Nd6 15.b3 fxe4
16.Rxf8+ Qxf8 17.Nxe4 Nef5 18.Bg5 Nd4 19.Qf1 Bf5 20.Ndf2 h6 21.Bd2 Qe7 22.Nxd6 Qxd6
23.Ne4 Qd7 24.Qd3 Rf8 25.Rf1 a5 26.h4 Bxe4 27.Rxf8+ Bxf8 28.Qxe4 Qf5 29.g4 Qxe4
30.Bxe4 Kg7 31.Kg2 Be7 32.Be1 Kf6 33.Bg3 Ne2 34.g5+ hxg5 35.hxg5+ Kxg5 36.Bxe5 Bd8
37.Kf3 Nd4+ 38.Ke3 Nf5+ 39.Kf3 Nh4+ 40.Kg3 Nf5+ 41.Kh3 Nd4 42.Kg3 Nf5+ 43.Kf3 Nh4+
44.Ke3 Nf5+ 45.Kd3 Kg4 46.Bb8 Kg5 47.d6  1-0

[Event "CRO-chT2"]
[Site "Medulin"]
[Date "1997.??.??"]
[Round "?"]
[White "Lisenko, Alexander V"]
[Black "Kosanski, Stanko"]
[Result "1/2-1/2"]
[WhiteElo "2385"]
[BlackElo "2375"]

1.Nf3 d6 2.d4 g6 3.c4 Bg7 4.g3 Nf6 5.Bg2 O-O 6.O-O c6 7.Nc3 Bf5 8.Qb3 Qc7
9.Bf4 Nh5 10.Be3 Nf6 11.Bf4 Nh5 12.Be3 Nf6  1/2-1/2

[Event "Moscow-1"]
[Site "Moscow"]
[Date "1997.??.??"]
[Round "2"]
[White "Murzin, Lenar"]
[Black "Zaitsev, Igor A"]
[Result "0-1"]
[WhiteElo "2320"]
[BlackElo "2450"]

1.d4 Nf6 2.c4 d6 3.Nf3 g6 4.g3 Bg7 5.Bg2 O-O 6.O-O Bd7 7.Nc3 Nc6 8.b3 e5
9.h3 Qc8 10.Kh2 Nxd4 11.Nxd4 exd4 12.Qxd4 Ng4+  0-1

[Event "Moscow"]
[Site "Moscow"]
[Date "1997.??.??"]
[Round "5"]
[White "Zhidkov, Valery S"]
[Black "Evelev, Vladimir M"]
[Result "1/2-1/2"]
[WhiteElo "2335"]
[BlackElo "2250"]

1.d4 Nf6 2.Nf3 g6 3.c4 Bg7 4.g3 O-O 5.Bg2 d6 6.O-O Nc6 7.Nc3 e5 8.dxe5 dxe5
9.Bg5 Be6 10.Qa4 h6 11.Rfd1 Qe7 12.Nd5 Bxd5 13.cxd5 Nd4 14.Bxf6 Bxf6 15.e3  1/2-1/2

[Event "Moscow-1"]
[Site "Moscow"]
[Date "1997.??.??"]
[Round "5"]
[White "Zhidkov, Valery S"]
[Black "Odeev, Handszar"]
[Result "1-0"]
[WhiteElo "2335"]
[BlackElo "2420"]

1.d4 Nf6 2.Nf3 g6 3.g3 Bg7 4.Bg2 O-O 5.c4 d6 6.O-O Nbd7 7.Qc2 a6 8.Rd1 c5
9.Nc3 cxd4 10.Nxd4 Qc7 11.b3 Rb8 12.a4 h6 13.Bb2 e5 14.Nf3 Nc5 15.Nd2 Bf5
16.e4 Bg4 17.Bf3 h5 18.Bxg4 hxg4 19.Nf1 Bh6 20.Nd5 Nxd5 21.Rxd5 Qb6 22.Bc1 Bxc1
23.Rxc1 Qxb3 24.Rxd6 Qxc2 25.Rxc2 Nxe4 26.Rd5 Ng5 27.Kg2 Nf3 28.Re2 Rbc8
29.c5 f6 30.Ne3 f5 31.h3 Nd4 32.Rb2 gxh3+ 33.Kxh3 Rc7 34.Nc4 Nf3 35.Nxe5 Nxe5
36.Rxe5 Rfc8 37.Re6 Kg7 38.Rbb6 Rh8+ 39.Kg2 Rh6 40.a5 Rf7 41.c6 bxc6 42.Rexc6 f4
43.g4 Kh7 44.Rd6 f3+ 45.Kg3 Rh1 46.Rf6  1-0

[Event "Moscow-ch"]
[Site "Moscow"]
[Date "1997.??.??"]
[Round "9"]
[White "Kremenietsky, Anatoly M"]
[Black "Ulko, Jaroslav"]
[Result "0-1"]
[WhiteElo "2410"]
[BlackElo "2345"]

1.d4 Nf6 2.Nf3 g6 3.c4 Bg7 4.g3 O-O 5.Bg2 d6 6.O-O Nbd7 7.Nc3 e5 8.Qc2 Re8
9.Rd1 c6 10.d5 cxd5 11.cxd5 e4 12.Nd4 e3 13.f3 Nb6 14.Qb3 h5 15.Nc2 Bh6 16.f4 Ng4
17.Rf1 h4 18.Nd1 Nxh2 19.Kxh2 hxg3+ 20.Kxg3 Bxf4+ 21.Rxf4 Qg5+ 22.Kh2 Qxf4+
23.Kg1 Qg3 24.Ndxe3 Bh3 25.Bd2 Rac8 26.Ne1 Bxg2 27.N1xg2 Re4 28.Rf1 Rh4 29.Rf3 Qh2+
30.Kf2 Re4 31.Nf1 Qe5 32.Ng3 Rec4 33.Ne3 Rh4 34.Bc3 Qg5 35.Qd1 Nd7 36.Ng2 Rh2
37.Kg1 Qh6 38.Nf5 Rh1+ 39.Kf2 gxf5 40.Rg3+ Kf8 41.Qd3 Qc1 42.Bg7+ Ke8 43.Re3+ Kd8  0-1

[Event "Murcia op"]
[Site "Murcia"]
[Date "1997.??.??"]
[Round "5"]
[White "Jimenez Villena, Francisco J"]
[Black "Paredes Galan, Emilio"]
[Result "1/2-1/2"]
[WhiteElo "2255"]
[BlackElo "2245"]

1.d4 Nf6 2.Nf3 g6 3.c4 Bg7 4.g3 O-O 5.Bg2 d6 6.Nc3 Nc6 7.O-O Bg4 8.h3 Bxf3
9.Bxf3 Nd7 10.e3 e5 11.d5 Ne7 12.e4 f5 13.h4 Nf6 14.h5 gxh5 15.Bxh5 fxe4
16.Bg4 Nxg4 17.Qxg4 Qc8 18.Qxc8 Raxc8 19.Nxe4 Nf5 20.Kg2 c6 21.dxc6 Rxc6
22.b3 b5 23.cxb5 Rc2 24.Ba3 Ne3+ 25.Kg1 Nxf1 26.Kxf1 d5 27.Bxf8 Bxf8 28.Nf6+ Kf7
29.Nxd5 Bc5 30.Ne3 Bxe3 31.fxe3 Kf6 32.a4 Rb2 33.Rc1 Rxb3 34.Rc7 Kf5 35.Kg2 Ke4
36.Rxa7 Kxe3 37.Rxh7 Rb4 38.Rh1  1/2-1/2

[Event "Murcia op"]
[Site "Murcia"]
[Date "1997.??.??"]
[Round "6"]
[White "Gonzalez Fuente, Carlos"]
[Black "Garcia Garcia, Ruben"]
[Result "0-1"]
[WhiteElo "2300"]
[BlackElo "2180"]

1.d4 Nf6 2.Nf3 g6 3.c4 Bg7 4.g3 O-O 5.Bg2 d6 6.O-O Nc6 7.d5 Na5 8.Nfd2 c5
9.a3 Nd7 10.Ra2 Qc7 11.b4 cxb4 12.axb4 Nxc4 13.Rc2 b5 14.Na3 Ndb6 15.Nxb5 Qd7
16.Nxa7 Rxa7 17.Nxc4 Nxc4 18.Rxc4 Ba6 19.Rc6 Bb5 20.Be3 Ra2 21.Qc1 Rb2 22.Rc7 Qe8
23.Bh6 Rxe2 24.Bxg7 Kxg7 25.Qc3+ Kg8 26.Ra1 Qb8 27.h4 Qb6 28.Rf1 Ra2 29.Rc8 Rxc8
30.Qxc8+ Kg7 31.Qc3+ Kg8 32.Qc8+ Kg7 33.Qc3+ f6 34.Qb3 Qa7 35.Qf3 Bxf1 36.Bxf1 Qd4
37.b5 Rd2 38.Bg2 Rb2 39.Bf1 Kf8 40.h5 f5 41.h6 Kf7 42.Bd3  0-1

[Event "JUG-ch52"]
[Site "Niksic"]
[Date "1997.??.??"]
[Round "1"]
[White "Blagojevic, Dragisa"]
[Black "Markovic, Miroslav"]
[Result "0-1"]
[WhiteElo "2485"]
[BlackElo "2520"]

1.d4 Nf6 2.c4 g6 3.Nf3 Bg7 4.g3 O-O 5.Bg2 d6 6.O-O Nbd7 7.Nc3 e5 8.h3 exd4
9.Nxd4 Re8 10.e4 Nc5 11.Re1 Bd7 12.Kh2 h6 13.Bf4 Nh7 14.Qd2 h5 15.h4 a6 16.Nb3 Nxb3
17.axb3 Nf6 18.f3 Be6 19.Nd5 c6 20.Nxf6+ Bxf6 21.Bxd6 Be5 22.Rad1 Qxh4+ 23.Kg1 Bxg3
24.Bxg3 Qxg3 25.Re3 Rad8 26.Qxd8 Rxd8 27.Rxd8+ Kg7 28.Rd2 h4  0-1

[Event "JUG-ch52"]
[Site "Niksic"]
[Date "1997.??.??"]
[Round "3"]
[White "Blagojevic, Dragisa"]
[Black "Ilincic, Zlatko"]
[Result "1-0"]
[WhiteElo "2485"]
[BlackElo "2565"]

1.d4 Nf6 2.c4 g6 3.Nf3 Bg7 4.g3 O-O 5.Bg2 d6 6.O-O Nbd7 7.Nc3 e5 8.h3 Re8
9.e4 exd4 10.Nxd4 Nc5 11.Re1 h6 12.Kh2 Bd7 13.Bf4 a5 14.b3 Nh7 15.Qd2 Ng5
16.Rad1 Kh7 17.h4 Nge6 18.Be3 Nxd4 19.Bxd4 Bc6 20.Bxc5 dxc5 21.Qxd8 Raxd8
22.Rxd8 Rxd8 23.e5 Bxg2 24.Kxg2 Rd2 25.Re3 Rc2 26.Nb5 Rxa2 27.Nxc7 a4 28.bxa4 Rxa4
29.Re4 Ra2 30.Ne8 Rd2 31.Kf3 Rd8 32.Nd6 Rd7 33.Nb5 Re7 34.Kf4 h5 35.Re2 Kg8
36.Nc3 Re6 37.Nd5 f6 38.Rb2 Rxe5 39.Rxb7 Re2 40.Kf3 Rc2 41.Nf4 Rxc4 42.Nxg6 Bh6
43.Ne7+ Kf7 44.Nd5+ Ke6 45.Rh7 Kxd5 46.Rxh6 Rc1 47.Rxf6 c4 48.Ke3 Rc3+ 49.Kf4 Ra3
50.Rf8 c3 51.Rc8 Kd4 52.g4 Ra4 53.Rd8+ Kc4 54.Ke3 hxg4 55.Rc8+ Kb3 56.Kd3 Rf4
57.Rxc3+ Kb2 58.Rc2+ Kb1 59.Re2 Kc1 60.Ke3 Rf3+ 61.Ke4 Rh3 62.Kf4 Rxh4 63.Kg3 Rh8
64.Re4 Kd2 65.Rxg4 Kd3 66.Rg5 Ke4 67.f3+ Kd4 68.Kg4 Rh1 69.f4 Ra1 70.Rg6 Ke4
71.Re6+ Kd5 72.f5  1-0

[Event "JUG-chT"]
[Site "Niksic"]
[Date "1997.??.??"]
[Round "10"]
[White "Drasko, Milan"]
[Black "Ilincic, Zlatko"]
[Result "1/2-1/2"]
[WhiteElo "2520"]
[BlackElo "2545"]

1.d4 Nf6 2.c4 g6 3.g3 Bg7 4.Bg2 O-O 5.Nf3 d6 6.O-O Nbd7 7.Nc3 e5 8.e4 exd4
9.Nxd4 Re8 10.h3 Nc5 11.Re1 a5 12.b3  1/2-1/2

[Event "NOR-chT"]
[Site "NOR"]
[Date "1997.??.??"]
[Round "5"]
[White "Dannevig, Oystein"]
[Black "Hagesaether, Ellen"]
[Result "1/2-1/2"]
[WhiteElo "2325"]
[BlackElo "2045"]

1.Nf3 d6 2.d4 Nf6 3.c4 g6 4.g3 Bg7 5.Bg2 O-O 6.O-O c6 7.Nc3 Nbd7 8.e4 e5
9.h3 exd4 10.Nxd4 Nc5 11.Be3 Qc7 12.Qc2 Re8 13.Rad1 Nfd7 14.Rd2 Ne5 15.b3 f6
16.Rfd1 Nf7 17.b4 Nd7 18.Qb3 Re7 19.Nc2 Kh8 20.f4 f5 21.c5 dxc5 22.bxc5 Nf8
23.e5 Be6 24.Qa4 Rd7 25.Rxd7 Nxd7 26.Ne1 Bf8 27.Nd3 Nd8 28.Rc1 Bf7 29.Nb1 Ne6
30.Nd2 Be7 31.Kh2 g5 32.Nf3 gxf4 33.gxf4 Bg6 34.Kh1 Ndf8 35.Rc3 Bh5 36.Nd2 Be2
37.Nb3 Bh4 38.Nbc1 Bh5 39.Qb3 Rd8 40.Qa4 Ra8 41.Qb3  1/2-1/2

[Event "Nova Gorica op"]
[Site "Nova Gorica"]
[Date "1997.??.??"]
[Round "4"]
[White "Epishin, Vladimir"]
[Black "Seres, Lajos"]
[Result "1/2-1/2"]
[WhiteElo "2600"]
[BlackElo "2470"]

1.d4 Nf6 2.Nf3 g6 3.g3 Bg7 4.c4 O-O 5.Bg2 d6 6.Nc3 c6 7.O-O a6 8.e4 b5 9.e5 Ne8
10.cxb5 axb5 11.Bf4 h6 12.Re1 Ra7 13.a3 Be6 14.exd6 Nxd6 15.Ne5 g5 16.Be3 Ra6
17.Rc1 Nc4 18.Nxc4 Bxc4 19.b3 Be6 20.a4 bxa4 21.bxa4 Nd7 22.Qc2 Nf6 23.Ne4 Nxe4
24.Bxe4 Bxd4  1/2-1/2

[Event "Nova Gorica op"]
[Site "Nova Gorica"]
[Date "1997.??.??"]
[Round "6"]
[White "Horvath, Jozsef"]
[Black "Tratar, Marko"]
[Result "1/2-1/2"]
[WhiteElo "2535"]
[BlackElo "2420"]

1.d4 Nf6 2.Nf3 g6 3.c4 Bg7 4.g3 O-O 5.Bg2 d6 6.Nc3 c6 7.O-O a6 8.e4 Bg4 9.h3 Bxf3
10.Bxf3 Nbd7 11.Be2 Qb6 12.Be3 Qxb2 13.Na4 Qa3 14.Bc1 Qc3 15.Bd2 Qa3 16.Bc1  1/2-1/2

[Event "RUS-Cup9"]
[Site "Novgorod"]
[Date "1997.??.??"]
[Round "3"]
[White "Tregubov, Pavel V"]
[Black "Iskusnyh, Sergei"]
[Result "1-0"]
[WhiteElo "2525"]
[BlackElo "2440"]

1.d4 Nf6 2.Nf3 g6 3.c4 Bg7 4.g3 O-O 5.Bg2 d6 6.O-O c6 7.Nc3 Na6 8.h3 Qb6
9.e4 e5 10.Re1 exd4 11.Nxd4 Ng4 12.hxg4 Qxd4 13.Qe2 Be6 14.Bf1 Qb6 15.Bf4 Rad8
16.Rad1 Qc7 17.Rd2 Rfe8 18.Bg5 Rd7 19.Qd1 Qa5 20.Nd5 cxd5 21.exd5 Rc7 22.Rde2 Rcc8
23.Bd2 Qxa2 24.dxe6 Qxb2 25.exf7+ Kxf7 26.Rxe8 Rxe8 27.Qf3+  1-0

[Event "RUS-Cup9"]
[Site "Novgorod"]
[Date "1997.??.??"]
[Round "7"]
[White "Annenkov, Kirill"]
[Black "Riazantsev, Alexander"]
[Result "1/2-1/2"]
[WhiteElo "2265"]
[BlackElo "2330"]

1.d4 Nf6 2.c4 g6 3.g3 Bg7 4.Bg2 O-O 5.Nf3 d6 6.O-O Nbd7 7.Qc2 e5 8.Rd1 Re8
9.dxe5 dxe5 10.e4 c6 11.h3 Qc7 12.Be3 Bf8 13.c5 b6 14.b4 bxc5 15.bxc5 Qa5
16.Nbd2 Ba6 17.Nc4 Bxc4 18.Qxc4 Bxc5 19.Ng5 Re7 20.Bxc5 Qxc5 21.Qxc5 Nxc5
22.Rd6 Ne6 23.Rxc6 Nxg5 24.Rxf6 Ne6 25.Rf3 Nd4 26.Rd3 Rb8 27.Rad1 Rc7 28.R1d2 Rb1+
29.Kh2 Rc5 30.Ra3 a5 31.h4 Kf8 32.h5 Ke7 33.hxg6 hxg6 34.f4 f6 35.Rf2 g5
36.fxg5 fxg5 37.Kh3 Rbc1 38.Kg4 R1c3 39.Rxc3 Rxc3 40.Bf1 a4 41.Ba6 Re3 42.Bb7 Ne2
43.Kf5 Kd6 44.g4 Ng3+ 45.Kxg5 Nxe4+ 46.Bxe4 Rxe4 47.Kf5 Re1 48.g5 e4 49.Rg2 Ke7
50.g6 Kf8 51.g7+ Kg8 52.Ke5 a3 53.Kd4 e3 54.Kd3  1/2-1/2